LEADER 01310nam a2200313 a 4500 001 000000161486 003 CaOOAMICUS 005 20170623094733.0 008 170623s2011 it u000 u ita r 020 $a978-88-467-2797-8* 032 $aLibriCat 040 $aPUL$bita 082 04$a371.9 100 1 $aBichi, Lisa.$0(OLS)http://pul/name/103437 245 10$aDisabilità e pedagogia della famiglia :$bmadri e padri di figli speciali /$cLisa Bichi. 260 $aPisa :$bETS,$c©2011. 300 $a329 p. ;$c22 cm. 490 1 $aScienze dell'educazione ;$v128 504 $aInlcude riferimenti bibliografici e indici. 650 4$aDisabili$xEducazione.$0(OLS)http://pul/subject/44691 830 0$aScienze dell'educazione (ETS) ;$v128.$0(OLS)http://pul/title/201217 850 $aPUL 852 $aPUL$W1$xSL Diritto e Scienze Sociali 3$y79$m371. 9 BICLI 1$j185443$qDDC 21$B188663$CPULBib$Z2$F188663 $H129907 $81 941 1 $a9 996 $6020$a978-88-467-2797-8*$9(OLS)http://pul/number/162928 996 $6082$a371.9$9(OLS)http://pul/classification/483 996 $6245$aDisabilità e pedagogia della famiglia :$bmadri e padri di figli speciali$9(OLS)http://pul/title/201216 996 $6260$aPisa :$bETS$9(OLS)http://pul/publisher/65234 LEADER 01205nam a2200265 u 4500 001 000000108238 003 CaOOAMICUS 005 20071116094254.0 008 071116s2007 it u000 u ita u 020 $z978-88-348-7472-1* 040 $aPUL$bita$dLDB 100 1 $aAmato Mangiameli, Agata C.$0(OLS)http://pul/name/10087 245 10$aCorpi docili, corpi gloriosi /$cAgata C. Amato Mangiameli. 260 $aTorino :$bGiappichelli,$cc2007. 300 $axvii, 144 p. ;$c24 cm. 490 1 $aRecta Ratio : testi e studi di filosofia del diritto.$aQuinta serie ;$v15 504 $aBibliografia in nota. 650 4$aCorpo umano (filosofia).$0(OLS)http://pul/subject/21509 830 0$aRecta Ratio : testi e studi di filosofia del diritto.$nQuinta serie ;$v15.$0(OLS)http://pul/title/132078 850 $aPUL 852 $aPUL$W1$xSL Diritto e Scienze Sociali 3$y79$m340. 01 COLL 1.15$j123268$qDDC 21$B122236$CPULBib$Z2$F122236 $H105450 $82 941 1 $a9 996 $6020$z978-88-348-7472-1*$9(OLS)http://pul/number/136235 996 $6245$aCorpi docili, corpi gloriosi$9(OLS)http://pul/title/136223 996 $6260$aTorino :$bGiappichelli$9(OLS)http://pul/publisher/48244